000 00415cam a22001217a 4500
008 180718b1983 xxu||||| |||| 00| 0 eng d
082 _aI21x54 H191
100 _aHanda, R.L.
245 _aState of the nation: presidential addresses to parliament from Rajendra Prasad to Neelam Sanjiva Reddy
_cby R.L. Handa
260 _aDelhi
_bSterling
_c1983
300 _a299p.
650 _aIndia --Politics and government --1947-
999 _c346208
_d346208